[Event "Classic Open"]
[Site "Estonia Resort Hotel & Spa conference center, Parnu, EE"]
[Date "2025.08.15"]
[Round "8"]
[White "Kazakouski, Valery"]
[Black "Pidluznij, Gleb"]
[Result "1/2-1/2"]
[Board "2"]
[WhiteFideId "13507443"]
[BlackFideId "12817082"]
[WhiteTitle "GM"]
[BlackTitle "FM"]
[WhiteElo "2584"]
[BlackElo "2431"]
[WhiteTeam "LTU"]
[BlackTeam "LTU"]
[WhiteClock "0:01:00"]
[BlackClock "0:01:21"]
[Variant "Standard"]

1. e4 {[%clk 1:30:56]}  e5 {[%clk 1:30:14]} 2. Nf3 {[%clk 1:31:21]}  Nc6 {[%clk 1:30:37]} 3. Bc4 {[%clk 1:31:44]}  Nf6 {[%clk 1:27:45]} 4. d3 {[%clk 1:32:06]}  Be7 {[%clk 1:27:20]} 5. O-O {[%clk 1:32:27]}  O-O {[%clk 1:28:11]} 6. Nc3 {[%clk 1:32:50]}  d6 {[%clk 1:28:35]} 7. a4 {[%clk 1:33:14]}  Na5 {[%clk 1:28:59]} 8. Ba2 {[%clk 1:33:37]}  c5 {[%clk 1:29:24]} 9. Bg5 {[%clk 1:34:01]}  Nc6 {[%clk 1:29:47]} 10. Bxf6 {[%clk 1:34:19]}  Bxf6 {[%clk 1:30:11]} 11. Nd5 {[%clk 1:34:43]}  g6 {[%clk 1:30:34]} 12. Qd2 {[%clk 1:35:07]}  Bg7 {[%clk 1:27:08]} 13. Qg5 {[%clk 1:35:06]}  h6 {[%clk 1:11:24]} 14. Qxd8 {[%clk 1:31:57]}  Rxd8 {[%clk 1:12:21]} 15. c3 {[%clk 1:32:09]}  Kh7 {[%clk 0:56:52]} 16. Rfc1 {[%clk 1:21:13]}  Bg4 {[%clk 0:56:13]} 17. Rab1 {[%clk 1:18:15]}  Rac8 {[%clk 0:56:15]} 18. Kf1 {[%clk 1:15:54]}  Be6 {[%clk 0:49:46]} 19. Ra1 {[%clk 1:08:29]}  Rd7 {[%clk 0:43:40]} 20. Ke2 {[%clk 1:05:44]}  Ne7 {[%clk 0:42:25]} 21. Nxe7 {[%clk 1:04:57]}  Rxe7 {[%clk 0:42:48]} 22. a5 {[%clk 1:03:32]}  Bf6 {[%clk 0:35:43]} 23. Rcb1 {[%clk 0:59:36]}  Rd7 {[%clk 0:28:52]} 24. Nd2 {[%clk 0:50:00]}  Kg7 {[%clk 0:24:49]} 25. Rd1 {[%clk 0:46:00]}  Bg5 {[%clk 0:24:48]} 26. Nc4 {[%clk 0:43:49]}  h5 {[%clk 0:24:54]} 27. Na3 {[%clk 0:42:29]}  Bd8 {[%clk 0:22:52]} 28. a6 {[%clk 0:42:27]}  bxa6 {[%clk 0:22:22]} 29. Bxe6 {[%clk 0:37:47]}  fxe6 {[%clk 0:22:47]} 30. Nc4 {[%clk 0:38:10]}  a5 {[%clk 0:18:52]} 31. Kd2 {[%clk 0:38:10]}  Rb8 {[%clk 0:19:16]} 32. Kc2 {[%clk 0:38:32]}  Rb5 {[%clk 0:19:20]} 33. Ra3 {[%clk 0:34:23]}  Rdb7 {[%clk 0:18:45]} 34. Ra2 {[%clk 0:33:28]}  Bc7 {[%clk 0:18:33]} 35. f3 {[%clk 0:33:44]}  Rb8 {[%clk 0:18:54]} 36. Rg1 {[%clk 0:33:34]}  Rf8 {[%clk 0:18:20]} 37. Ra3 {[%clk 0:31:07]}  Rfb8 {[%clk 0:18:22]} 38. Rb1 {[%clk 0:30:44]}  R8b7 {[%clk 0:17:24]} 39. Nd2 {[%clk 0:28:28]}  Kf7 {[%clk 0:16:53]} 40. Rb3 {[%clk 0:26:52]}  Rb8 {[%clk 0:13:04]} 41. Ra1 {[%clk 0:26:21]}  Ke8 {[%clk 0:12:35]} 42. Rxb5 {[%clk 0:23:48]}  Rxb5 {[%clk 0:13:04]} 43. Nb3 {[%clk 0:24:07]}  Kd7 {[%clk 0:10:35]} 44. h4 {[%clk 0:22:36]}  Kc6 {[%clk 0:08:52]} 45. c4 {[%clk 0:09:07]}  Rb7 {[%clk 0:09:01]} 46. Nxa5+ {[%clk 0:05:59]}  Bxa5 {[%clk 0:09:29]} 47. Rxa5 {[%clk 0:06:21]}  Kb6 {[%clk 0:08:46]} 48. Ra1 {[%clk 0:06:50]}  Rf7 {[%clk 0:04:16]} 49. Rh1 {[%clk 0:07:13]}  Rf4 {[%clk 0:03:58]} 50. Rh3 {[%clk 0:07:31]}  a5 {[%clk 0:03:03]} 51. Kb3 {[%clk 0:07:44]}  Kc6 {[%clk 0:02:07]} 52. Ka4 {[%clk 0:07:38]}  Kb6 {[%clk 0:02:13]} 53. Kb3 {[%clk 0:06:48]}  Kc6 {[%clk 0:02:35]} 54. Ka3 {[%clk 0:07:17]}  Kc7 {[%clk 0:02:39]} 55. Ka4 {[%clk 0:05:18]}  Kb6 {[%clk 0:03:06]} 56. Rg3 {[%clk 0:05:40]}  Rf6 {[%clk 0:02:16]} 57. Rg5 {[%clk 0:05:11]}  Ka6 {[%clk 0:02:23]} 58. Ka3 {[%clk 0:03:20]}  Kb6 {[%clk 0:02:27]} 59. Kb3 {[%clk 0:03:48]}  Kc6 {[%clk 0:02:50]} 60. Kc3 {[%clk 0:02:11]}  Kd7 {[%clk 0:02:52]} 61. g4 {[%clk 0:01:26]}  Rxf3 {[%clk 0:02:48]} 62. gxh5 {[%clk 0:01:06]}  gxh5 {[%clk 0:03:16]} 63. Rxh5 {[%clk 0:01:29]}  Rh3 {[%clk 0:02:36]} 64. Rh7+ {[%clk 0:01:57]}  Kc6 {[%clk 0:02:39]} 65. Rh8 {[%clk 0:00:39]}  d5 {[%clk 0:00:47]} 66. exd5+ {[%clk 0:00:36]}  exd5 {[%clk 0:01:15]} 67. Rc8+ {[%clk 0:00:34]}  Kd6 {[%clk 0:00:46]} 68. Rd8+ {[%clk 0:00:49]}  Kc6 {[%clk 0:00:35]} 69. Rc8+ {[%clk 0:00:44]}  Kd6 {[%clk 0:01:03]} 70. Rd8+ {[%clk 0:01:09]}  Kc6 {[%clk 0:01:30]} 71. cxd5+ {[%clk 0:00:43]}  Kc7 {[%clk 0:01:53]} 72. Rh8 {[%clk 0:00:36]}  e4 {[%clk 0:02:14]} 73. h5 {[%clk 0:00:59]}  e3 {[%clk 0:00:40]} 74. h6 {[%clk 0:01:17]}  Rh1 {[%clk 0:00:33]} 75. Re8 {[%clk 0:00:34]}  Kd6 {[%clk 0:01:02]} 76. Kc4 {[%clk 0:00:37]}  Rh4+ {[%clk 0:00:53]} 77. Kb5 {[%clk 0:00:33]}  Rxh6 {[%clk 0:00:42]} 78. Rxe3 {[%clk 0:01:00]}  Kxd5 {[%clk 0:00:52]} 79. Re8 {[%clk 0:01:22]}  Rh2 {[%clk 0:00:56]} 80. Rd8 {[%clk 0:01:23]}  Ke6 {[%clk 0:01:07]} 81. Kxc5 {[%clk 0:00:41]}  Rxb2 {[%clk 0:01:12]} 82. Ra8 {[%clk 0:01:00]}  Rc2+ {[%clk 0:01:21]} 1/2-1/2

[Event "Classic Open"]
[Site "Estonia Resort Hotel & Spa conference center, Parnu, EE"]
[Date "2025.08.15"]
[Round "8"]
[White "Kopylov, Daniel"]
[Black "Laurusas, Tomas"]
[Result "1/2-1/2"]
[Board "3"]
[WhiteFideId "12921971"]
[BlackFideId "12803731"]
[WhiteTitle "IM"]
[BlackTitle "GM"]
[WhiteElo "2421"]
[BlackElo "2500"]
[WhiteTeam "GER"]
[BlackTeam "LTU"]
[WhiteClock "1:25:46"]
[BlackClock "1:14:22"]
[Variant "Standard"]

1. d4 {[%clk 1:24:45]}  d5 {[%clk 1:30:56]} 2. c4 {[%clk 1:25:06]}  c6 {[%clk 1:31:18]} 3. Nf3 {[%clk 1:25:12]}  Nf6 {[%clk 1:31:39]} 4. Nc3 {[%clk 1:25:26]}  dxc4 {[%clk 1:26:10]} 5. a4 {[%clk 1:25:31]}  e6 {[%clk 1:24:10]} 6. e3 {[%clk 1:25:33]}  c5 {[%clk 1:23:21]} 7. Bxc4 {[%clk 1:25:42]}  Nc6 {[%clk 1:23:07]} 8. O-O {[%clk 1:25:51]}  Be7 {[%clk 1:21:19]} 9. Qe2 {[%clk 1:25:36]}  cxd4 {[%clk 1:20:26]} 10. exd4 {[%clk 1:25:47]}  O-O {[%clk 1:20:05]} 11. Rd1 {[%clk 1:25:46]}  Nd5 {[%clk 1:14:22]} 1/2-1/2

[Event "Classic Open"]
[Site "Estonia Resort Hotel & Spa conference center, Parnu, EE"]
[Date "2025.08.15"]
[Round "8"]
[White "Sharan, Rao"]
[Black "Poetsch, Hagen"]
[Result "1/2-1/2"]
[Board "4"]
[WhiteFideId "5073464"]
[BlackFideId "24615137"]
[WhiteTitle "IM"]
[BlackTitle "GM"]
[WhiteElo "2365"]
[BlackElo "2479"]
[WhiteTeam "IND"]
[BlackTeam "GER"]
[WhiteClock "1:19:32"]
[BlackClock "0:39:31"]
[Variant "Standard"]

1. Nf3 {[%clk 1:29:53]}  Nf6 {[%clk 1:30:53]} 2. e3 {[%clk 1:30:11]}  c5 {[%clk 1:30:59]} 3. b3 {[%clk 1:30:35]}  g6 {[%clk 1:31:23]} 4. Bb2 {[%clk 1:31:02]}  Bg7 {[%clk 1:31:47]} 5. c4 {[%clk 1:31:14]}  O-O {[%clk 1:32:01]} 6. Be2 {[%clk 1:31:40]}  b6 {[%clk 1:31:58]} 7. O-O {[%clk 1:32:01]}  Bb7 {[%clk 1:32:25]} 8. d4 {[%clk 1:32:26]}  cxd4 {[%clk 1:32:41]} 9. Nxd4 {[%clk 1:32:51]}  d5 {[%clk 1:30:02]} 10. Nd2 {[%clk 1:32:55]}  Nbd7 {[%clk 1:28:38]} 11. Rc1 {[%clk 1:32:49]}  Rc8 {[%clk 1:21:27]} 12. Rc2 {[%clk 1:32:01]}  Nc5 {[%clk 1:18:37]} 13. Qa1 {[%clk 1:30:54]}  Qd7 {[%clk 1:04:53]} 14. Rcc1 {[%clk 1:28:57]}  dxc4 {[%clk 1:01:26]} 15. Nxc4 {[%clk 1:29:08]}  Bd5 {[%clk 1:00:26]} 16. Rfd1 {[%clk 1:28:52]}  Qb7 {[%clk 1:00:29]} 17. Bf3 {[%clk 1:29:02]}  Rfd8 {[%clk 1:00:07]} 18. Ne5 {[%clk 1:19:53]}  Bxf3 {[%clk 0:49:30]} 19. Ndxf3 {[%clk 1:19:04]}  Rxd1+ {[%clk 0:42:14]} 20. Rxd1 {[%clk 1:19:32]}  Nce4 {[%clk 0:39:31]} 1/2-1/2

[Event "Classic Open"]
[Site "Estonia Resort Hotel & Spa conference center, Parnu, EE"]
[Date "2025.08.15"]
[Round "8"]
[White "Lahdelma, Henri"]
[Black "Jakubowski, Krzysztof"]
[Result "0-1"]
[Board "5"]
[WhiteFideId "510394"]
[BlackFideId "1112848"]
[WhiteTitle "FM"]
[BlackTitle "GM"]
[WhiteElo "2247"]
[BlackElo "2443"]
[WhiteTeam "FIN"]
[BlackTeam "POL"]
[WhiteClock "0:26:16"]
[BlackClock "0:21:34"]
[Variant "Standard"]

1. Nf3 {[%clk 1:30:51]}  Nf6 {[%clk 1:30:50]} 2. d4 {[%clk 1:31:12]}  d6 {[%clk 1:29:43]} 3. g3 {[%clk 1:28:15]}  Bd7 {[%clk 1:28:45]} 4. Bg2 {[%clk 1:28:03]}  Qc8 {[%clk 1:29:10]} 5. h3 {[%clk 1:27:26]}  g6 {[%clk 1:28:33]} 6. Nbd2 {[%clk 1:22:27]}  Bg7 {[%clk 1:28:17]} 7. e4 {[%clk 1:19:38]}  O-O {[%clk 1:28:38]} 8. c3 {[%clk 1:13:22]}  a5 {[%clk 1:26:25]} 9. a4 {[%clk 1:13:05]}  Na6 {[%clk 1:26:44]} 10. Qc2 {[%clk 1:11:21]}  c5 {[%clk 1:15:06]} 11. Nc4 {[%clk 1:05:28]}  cxd4 {[%clk 1:14:12]} 12. Nb6 {[%clk 1:03:28]}  Qc5 {[%clk 0:55:08]} 13. Nxa8 {[%clk 0:59:20]}  Nb4 {[%clk 0:51:54]} 14. Qd1 {[%clk 0:55:39]}  dxc3 {[%clk 0:51:41]} 15. O-O {[%clk 0:54:38]}  c2 {[%clk 0:43:52]} 16. Qe2 {[%clk 0:52:28]}  Rxa8 {[%clk 0:41:53]} 17. Be3 {[%clk 0:49:05]}  Qc8 {[%clk 0:41:33]} 18. Nd4 {[%clk 0:45:54]}  Bxh3 {[%clk 0:39:28]} 19. Bd2 {[%clk 0:41:20]}  Bxg2 {[%clk 0:37:15]} 20. Kxg2 {[%clk 0:41:45]}  Nd7 {[%clk 0:26:37]} 21. Bxb4 {[%clk 0:41:06]}  Bxd4 {[%clk 0:26:31]} 22. Ba3 {[%clk 0:39:41]}  Ra6 {[%clk 0:26:22]} 23. Rac1 {[%clk 0:39:16]}  Rc6 {[%clk 0:26:47]} 24. Qd2 {[%clk 0:38:07]}  Bb6 {[%clk 0:23:26]} 25. Rfe1 {[%clk 0:36:46]}  Ne5 {[%clk 0:23:17]} 26. f3 {[%clk 0:32:43]}  Nc4 {[%clk 0:22:45]} 27. Qd3 {[%clk 0:29:58]}  Qe6 {[%clk 0:21:32]} 28. Re2 {[%clk 0:27:45]}  h5 {[%clk 0:20:39]} 29. Kh2 {[%clk 0:26:48]}  Ne5 {[%clk 0:20:51]} 30. Qd5 {[%clk 0:26:25]}  Nxf3+ {[%clk 0:21:04]} 31. Kg2 {[%clk 0:26:51]}  Qg4 {[%clk 0:20:56]} 32. Qd3 {[%clk 0:26:39]}  h4 {[%clk 0:20:44]} 33. Kh1 {[%clk 0:25:50]}  Qh3+ {[%clk 0:21:08]} 34. Rh2 {[%clk 0:26:16]}  Qxh2# {[%clk 0:21:34]} 0-1

[Event "Classic Open"]
[Site "Estonia Resort Hotel & Spa conference center, Parnu, EE"]
[Date "2025.08.15"]
[Round "8"]
[White "Vingris,Mikelis"]
[Black "Keinanen, Toivo"]
[Result "1/2-1/2"]
[Board "6"]
[WhiteFideId "11611731"]
[BlackFideId "509825"]
[BlackTitle "IM"]
[WhiteElo "2287"]
[BlackElo "2517"]
[WhiteTeam "LAT"]
[BlackTeam "FIN"]
[WhiteClock "0:14:44"]
[BlackClock "0:01:58"]
[Variant "Standard"]

1. e4 {[%clk 1:30:16]}  e6 {[%clk 1:30:47]} 2. d4 {[%clk 1:30:43]}  d5 {[%clk 1:31:15]} 3. Nc3 {[%clk 1:31:08]}  Nf6 {[%clk 1:31:42]} 4. e5 {[%clk 1:31:33]}  Nfd7 {[%clk 1:32:09]} 5. Nce2 {[%clk 1:31:19]}  c5 {[%clk 1:32:38]} 6. c3 {[%clk 1:31:44]}  cxd4 {[%clk 1:33:06]} 7. cxd4 {[%clk 1:32:09]}  f6 {[%clk 1:33:35]} 8. exf6 {[%clk 1:30:03]}  Nxf6 {[%clk 1:33:52]} 9. Nf3 {[%clk 1:30:13]}  Nc6 {[%clk 1:34:18]} 10. Nc3 {[%clk 1:29:10]}  Bd6 {[%clk 1:34:15]} 11. Bd3 {[%clk 1:28:38]}  O-O {[%clk 1:34:24]} 12. O-O {[%clk 1:27:27]}  Bd7 {[%clk 1:29:03]} 13. h3 {[%clk 1:18:17]}  a6 {[%clk 1:27:25]} 14. Re1 {[%clk 1:15:57]}  Qc7 {[%clk 1:26:37]} 15. Bg5 {[%clk 1:13:35]}  Rae8 {[%clk 1:19:52]} 16. Rc1 {[%clk 1:12:57]}  h6 {[%clk 1:09:26]} 17. Be3 {[%clk 1:10:12]}  Qb8 {[%clk 1:07:28]} 18. Bg6 {[%clk 0:59:25]}  Re7 {[%clk 1:04:05]} 19. Bb1 {[%clk 0:51:17]}  Be8 {[%clk 0:59:25]} 20. Nh4 {[%clk 0:49:15]}  Bh2+ {[%clk 0:50:38]} 21. Kh1 {[%clk 0:48:44]}  g5 {[%clk 0:44:43]} 22. Ng6 {[%clk 0:46:06]}  Bxg6 {[%clk 0:44:52]} 23. Bxg6 {[%clk 0:46:29]}  Bf4 {[%clk 0:44:52]} 24. Qd2 {[%clk 0:35:26]}  Bxe3 {[%clk 0:37:05]} 25. Qxe3 {[%clk 0:32:35]}  Qd6 {[%clk 0:36:07]} 26. Rcd1 {[%clk 0:29:57]}  Ne8 {[%clk 0:27:42]} 27. Bb1 {[%clk 0:26:27]}  Ng7 {[%clk 0:25:05]} 28. Ne2 {[%clk 0:24:07]}  Nf5 {[%clk 0:23:36]} 29. Qd3 {[%clk 0:24:06]}  Rf6 {[%clk 0:22:42]} 30. Rf1 {[%clk 0:23:18]}  Rg7 {[%clk 0:16:58]} 31. Ng3 {[%clk 0:21:36]}  Nxg3+ {[%clk 0:11:21]} 32. fxg3 {[%clk 0:21:50]}  Kf7 {[%clk 0:11:11]} 33. Rxf6+ {[%clk 0:20:12]}  Kxf6 {[%clk 0:11:40]} 34. Qf3+ {[%clk 0:17:50]}  Ke7 {[%clk 0:11:55]} 35. Qh5 {[%clk 0:18:04]}  Qxg3 {[%clk 0:09:53]} 36. Qxh6 {[%clk 0:16:29]}  Rf7 {[%clk 0:09:35]} 37. Bg6 {[%clk 0:15:37]}  Rf2 {[%clk 0:09:15]} 38. Rg1 {[%clk 0:15:53]}  Kd6 {[%clk 0:05:57]} 39. Qg7 {[%clk 0:16:01]}  Ne7 {[%clk 0:03:58]} 40. Bf7 {[%clk 0:15:22]}  Nc6 {[%clk 0:00:35]} 41. Be8 {[%clk 0:13:59]}  Ne7 {[%clk 0:01:01]} 42. Bf7 {[%clk 0:14:21]}  Nc6 {[%clk 0:01:28]} 43. Be8 {[%clk 0:14:44]}  Ne7 {[%clk 0:01:58]} 1/2-1/2

[Event "Classic Open"]
[Site "Estonia Resort Hotel & Spa conference center, Parnu, EE"]
[Date "2025.08.15"]
[Round "8"]
[White "Kostov, Deyan Samuil"]
[Black "Lapshun, Yury"]
[Result "1/2-1/2"]
[Board "7"]
[WhiteFideId "30909015"]
[BlackFideId "2006960"]
[WhiteTitle "FM"]
[BlackTitle "IM"]
[WhiteElo "2368"]
[BlackElo "2264"]
[WhiteTeam "BUL"]
[BlackTeam "USA"]
[WhiteClock "0:13:01"]
[BlackClock "0:39:05"]
[Variant "Standard"]

1. d4 {[%clk 1:30:58]}  Nf6 {[%clk 1:22:08]} 2. c4 {[%clk 1:31:09]}  e6 {[%clk 1:22:34]} 3. Nc3 {[%clk 1:31:33]}  Bb4 {[%clk 1:22:52]} 4. e3 {[%clk 1:31:51]}  O-O {[%clk 1:22:57]} 5. Bd3 {[%clk 1:32:11]}  Bxc3+ {[%clk 1:22:47]} 6. bxc3 {[%clk 1:32:31]}  d6 {[%clk 1:23:06]} 7. Nf3 {[%clk 1:31:03]}  Nc6 {[%clk 1:22:22]} 8. e4 {[%clk 1:29:11]}  e5 {[%clk 1:22:47]} 9. d5 {[%clk 1:27:58]}  Ne7 {[%clk 1:23:11]} 10. c5 {[%clk 1:27:47]}  Nexd5 {[%clk 1:21:27]} 11. exd5 {[%clk 1:03:37]}  e4 {[%clk 1:21:53]} 12. Be2 {[%clk 1:03:51]}  exf3 {[%clk 1:20:21]} 13. Bxf3 {[%clk 1:04:19]}  dxc5 {[%clk 1:19:33]} 14. O-O {[%clk 1:04:38]}  Qd6 {[%clk 1:17:17]} 15. g3 {[%clk 1:01:36]}  Bh3 {[%clk 1:17:41]} 16. Bf4 {[%clk 1:01:38]}  Qd7 {[%clk 1:18:02]} 17. Re1 {[%clk 1:01:59]}  Rfe8 {[%clk 1:18:02]} 18. Qd2 {[%clk 0:51:44]}  Rxe1+ {[%clk 1:18:25]} 19. Rxe1 {[%clk 0:52:08]}  Re8 {[%clk 1:18:31]} 20. Be5 {[%clk 0:49:57]}  Qf5 {[%clk 1:14:13]} 21. Bxf6 {[%clk 0:44:37]}  Rxe1+ {[%clk 1:14:31]} 22. Qxe1 {[%clk 0:45:02]}  gxf6 {[%clk 1:14:54]} 23. Be4 {[%clk 0:45:10]}  Qe5 {[%clk 1:15:01]} 24. f4 {[%clk 0:44:27]}  Qh5 {[%clk 1:15:22]} 25. Qd2 {[%clk 0:35:23]}  b5 {[%clk 1:14:14]} 26. Qd3 {[%clk 0:33:10]}  c4 {[%clk 1:11:35]} 27. Qf3 {[%clk 0:29:36]}  Qxf3 {[%clk 0:54:57]} 28. Bxf3 {[%clk 0:29:47]}  Bf5 {[%clk 0:50:43]} 29. Kf2 {[%clk 0:30:05]}  Kf8 {[%clk 0:50:49]} 30. Ke3 {[%clk 0:28:05]}  Ke7 {[%clk 0:45:36]} 31. Kd4 {[%clk 0:28:20]}  Kd6 {[%clk 0:45:45]} 32. a3 {[%clk 0:28:08]}  h6 {[%clk 0:44:00]} 33. Bh5 {[%clk 0:25:37]}  Bg6 {[%clk 0:43:10]} 34. Bg4 {[%clk 0:25:56]}  f5 {[%clk 0:43:29]} 35. Bd1 {[%clk 0:15:09]}  f6 {[%clk 0:42:22]} 36. a4 {[%clk 0:15:31]}  a6 {[%clk 0:41:16]} 37. axb5 {[%clk 0:13:05]}  axb5 {[%clk 0:41:45]} 38. Bc2 {[%clk 0:13:27]}  Bf7 {[%clk 0:41:04]} 39. Bxf5 {[%clk 0:13:54]}  Bxd5 {[%clk 0:41:29]} 40. h4 {[%clk 0:13:40]}  c5+ {[%clk 0:41:37]} 41. Ke3 {[%clk 0:14:08]}  Bf7 {[%clk 0:41:20]} 42. Be4 {[%clk 0:13:47]}  Bh5 {[%clk 0:41:22]} 43. Bf5 {[%clk 0:14:05]}  Be8 {[%clk 0:41:09]} 44. Be4 {[%clk 0:13:37]}  Bd7 {[%clk 0:41:14]} 45. Bf3 {[%clk 0:13:47]}  f5 {[%clk 0:41:20]} 46. Kd2 {[%clk 0:13:42]}  b4 {[%clk 0:40:40]} 47. Be2 {[%clk 0:12:54]}  Be6 {[%clk 0:40:26]} 48. Kc2 {[%clk 0:13:04]}  Bd5 {[%clk 0:40:39]} 49. Kb2 {[%clk 0:13:21]}  Kc6 {[%clk 0:40:46]} 50. Bh5 {[%clk 0:13:14]}  Kd6 {[%clk 0:39:59]} 51. Be2 {[%clk 0:13:36]}  Ke6 {[%clk 0:38:52]} 52. Bf1 {[%clk 0:13:01]}  Kd6 {[%clk 0:39:05]} 1/2-1/2

[Event "Classic Open"]
[Site "Estonia Resort Hotel & Spa conference center, Parnu, EE"]
[Date "2025.08.15"]
[Round "8"]
[White "Fischer, Daniel"]
[Black "Haitin, Ilja"]
[Result "1/2-1/2"]
[Board "8"]
[WhiteFideId "1328360"]
[BlackFideId "4501764"]
[WhiteTitle "IM"]
[BlackTitle "FM"]
[WhiteElo "2360"]
[BlackElo "2239"]
[WhiteTeam "SUI"]
[BlackTeam "EST"]
[WhiteClock "0:40:57"]
[BlackClock "1:05:48"]
[Variant "Standard"]

1. e4 {[%clk 1:30:57]}  d6 {[%clk 1:27:01]} 2. d4 {[%clk 1:31:00]}  Nf6 {[%clk 1:27:22]} 3. Nc3 {[%clk 1:31:25]}  e5 {[%clk 1:27:49]} 4. Nf3 {[%clk 1:31:45]}  Nbd7 {[%clk 1:28:14]} 5. Bc4 {[%clk 1:31:57]}  Be7 {[%clk 1:28:38]} 6. a4 {[%clk 1:31:46]}  O-O {[%clk 1:29:00]} 7. O-O {[%clk 1:32:11]}  exd4 {[%clk 1:29:24]} 8. Nxd4 {[%clk 1:32:04]}  Ne5 {[%clk 1:29:31]} 9. Ba2 {[%clk 1:32:07]}  Nc6 {[%clk 1:29:48]} 10. h3 {[%clk 1:31:53]}  Nb4 {[%clk 1:29:56]} 11. Bb1 {[%clk 1:32:04]}  c5 {[%clk 1:30:16]} 12. Nf3 {[%clk 1:32:23]}  Re8 {[%clk 1:30:38]} 13. Ne2 {[%clk 1:30:51]}  Bf8 {[%clk 1:29:04]} 14. c3 {[%clk 1:30:27]}  Nc6 {[%clk 1:29:05]} 15. Ng3 {[%clk 1:30:04]}  d5 {[%clk 1:19:41]} 16. exd5 {[%clk 1:23:42]}  Qxd5 {[%clk 1:17:47]} 17. Ne4 {[%clk 1:18:57]}  Qxd1 {[%clk 1:14:53]} 18. Nxf6+ {[%clk 1:19:22]}  gxf6 {[%clk 1:15:19]} 19. Rxd1 {[%clk 1:19:47]}  Be6 {[%clk 1:12:07]} 20. Bc2 {[%clk 1:16:30]}  Na5 {[%clk 1:11:21]} 21. Bf4 {[%clk 1:12:50]}  Bb3 {[%clk 1:09:09]} 22. Rd2 {[%clk 1:01:26]}  Bxc2 {[%clk 1:05:42]} 23. Rxc2 {[%clk 1:01:55]}  Nb3 {[%clk 1:05:48]} 24. Re1 {[%clk 0:40:57]} 1/2-1/2

[Event "Classic Open"]
[Site "Estonia Resort Hotel & Spa conference center, Parnu, EE"]
[Date "2025.08.15"]
[Round "8"]
[White "Gaponenko, Inna"]
[Black "Nissinen, Niilo Man"]
[Result "1-0"]
[Board "9"]
[WhiteFideId "14101181"]
[BlackFideId "30950767"]
[WhiteTitle "IM"]
[BlackTitle "FM"]
[WhiteElo "2338"]
[BlackElo "2150"]
[WhiteTeam "UKR"]
[BlackTeam "HKG"]
[WhiteClock "0:01:28"]
[BlackClock "0:06:31"]
[Variant "Standard"]

1. e4 {[%clk 1:30:57]}  c5 {[%clk 1:28:43]} 2. Nf3 {[%clk 1:31:24]}  Nc6 {[%clk 1:29:02]} 3. c3 {[%clk 1:31:49]}  Nf6 {[%clk 1:29:19]} 4. e5 {[%clk 1:32:14]}  Nd5 {[%clk 1:29:41]} 5. Bc4 {[%clk 1:32:39]}  Nb6 {[%clk 1:29:45]} 6. Bb3 {[%clk 1:33:04]}  d6 {[%clk 1:29:01]} 7. exd6 {[%clk 1:33:27]}  Qxd6 {[%clk 1:29:09]} 8. O-O {[%clk 1:33:37]}  Be6 {[%clk 1:25:00]} 9. d4 {[%clk 1:33:49]}  cxd4 {[%clk 1:24:35]} 10. Nxd4 {[%clk 1:34:00]}  Bxb3 {[%clk 1:16:31]} 11. axb3 {[%clk 1:25:34]}  Nxd4 {[%clk 1:14:28]} 12. Be3 {[%clk 1:25:52]}  Nf5 {[%clk 0:57:24]} 13. Qxd6 {[%clk 1:25:58]}  Nxd6 {[%clk 0:57:38]} 14. Bxb6 {[%clk 1:26:19]}  a6 {[%clk 0:57:11]} 15. c4 {[%clk 1:01:32]}  e6 {[%clk 0:55:38]} 16. Nc3 {[%clk 0:59:37]}  Be7 {[%clk 0:47:00]} 17. Rfd1 {[%clk 0:56:04]}  Rc8 {[%clk 0:41:09]} 18. c5 {[%clk 0:28:25]}  Nf5 {[%clk 0:39:49]} 19. Ne4 {[%clk 0:28:52]}  h5 {[%clk 0:13:07]} 20. h3 {[%clk 0:23:15]}  h4 {[%clk 0:10:59]} 21. b4 {[%clk 0:20:10]}  Bd8 {[%clk 0:09:16]} 22. Bxd8 {[%clk 0:19:47]}  Rxd8 {[%clk 0:09:40]} 23. Rxd8+ {[%clk 0:20:14]}  Kxd8 {[%clk 0:10:06]} 24. b5 {[%clk 0:20:39]}  Kc7 {[%clk 0:08:25]} 25. bxa6 {[%clk 0:20:57]}  bxa6 {[%clk 0:08:32]} 26. Rxa6 {[%clk 0:21:22]}  Rb8 {[%clk 0:08:42]} 27. Ra7+ {[%clk 0:11:57]}  Kc6 {[%clk 0:09:05]} 28. Rxf7 {[%clk 0:12:22]}  Rxb2 {[%clk 0:09:22]} 29. Ng5 {[%clk 0:12:40]}  Rb7 {[%clk 0:03:08]} 30. Rxb7 {[%clk 0:03:51]}  Kxb7 {[%clk 0:03:36]} 31. Nxe6 {[%clk 0:04:17]}  Kc6 {[%clk 0:03:41]} 32. Kf1 {[%clk 0:04:40]}  Kd5 {[%clk 0:03:55]} 33. Nf8 {[%clk 0:04:58]}  Kxc5 {[%clk 0:03:40]} 34. Ke2 {[%clk 0:05:25]}  Kd6 {[%clk 0:01:08]} 35. Kf3 {[%clk 0:05:48]}  Ke7 {[%clk 0:01:00]} 36. Kf4 {[%clk 0:05:35]}  Nh6 {[%clk 0:00:39]} 37. Nh7 {[%clk 0:05:07]}  Nf7 {[%clk 0:00:32]} 38. Kg4 {[%clk 0:04:52]}  Nd6 {[%clk 0:00:35]} 39. Kxh4 {[%clk 0:04:35]}  Kf7 {[%clk 0:00:55]} 40. Kg4 {[%clk 0:02:59]}  Kg6 {[%clk 0:01:11]} 41. Nf8+ {[%clk 0:03:22]}  Kf7 {[%clk 0:01:33]} 42. Nd7 {[%clk 0:03:22]}  Ke6 {[%clk 0:01:46]} 43. Nc5+ {[%clk 0:03:42]}  Kd5 {[%clk 0:01:44]} 44. Nd3 {[%clk 0:02:30]}  Ke6 {[%clk 0:02:06]} 45. Kg5 {[%clk 0:01:59]}  Kf7 {[%clk 0:02:26]} 46. Ne5+ {[%clk 0:00:54]}  Kg8 {[%clk 0:01:56]} 47. Kg6 {[%clk 0:00:53]}  Ne4 {[%clk 0:01:54]} 48. f3 {[%clk 0:00:54]}  Nc3 {[%clk 0:02:05]} 49. h4 {[%clk 0:01:00]}  Nd5 {[%clk 0:02:23]} 50. g3 {[%clk 0:01:17]}  Ne7+ {[%clk 0:02:44]} 51. Kg5 {[%clk 0:01:44]}  Kh7 {[%clk 0:03:04]} 52. h5 {[%clk 0:01:54]}  Nd5 {[%clk 0:03:09]} 53. f4 {[%clk 0:01:26]}  Nf6 {[%clk 0:03:21]} 54. f5 {[%clk 0:01:28]}  Ne4+ {[%clk 0:03:35]} 55. Kf4 {[%clk 0:01:54]}  Nf6 {[%clk 0:03:50]} 56. g4 {[%clk 0:02:16]}  Nd5+ {[%clk 0:04:08]} 57. Kg5 {[%clk 0:02:35]}  Nf6 {[%clk 0:04:20]} 58. Nf7 {[%clk 0:00:37]}  Ne4+ {[%clk 0:03:49]} 59. Kf4 {[%clk 0:01:04]}  Nf6 {[%clk 0:04:08]} 60. Nd6 {[%clk 0:00:54]}  Kg8 {[%clk 0:03:54]} 61. Kg5 {[%clk 0:00:55]}  Nh7+ {[%clk 0:04:07]} 62. Kh4 {[%clk 0:00:48]}  Nf6 {[%clk 0:04:27]} 63. Kg5 {[%clk 0:00:48]}  Nh7+ {[%clk 0:04:50]} 64. Kf4 {[%clk 0:01:15]}  Nf6 {[%clk 0:05:14]} 65. Ne4 {[%clk 0:01:42]}  Nh7 {[%clk 0:03:56]} 66. g5 {[%clk 0:01:29]}  Nf8 {[%clk 0:04:19]} 67. Nc5 {[%clk 0:01:57]}  Nh7 {[%clk 0:04:27]} 68. Ne6 {[%clk 0:01:01]}  Kh8 {[%clk 0:04:41]} 69. Ke5 {[%clk 0:01:21]}  Kg8 {[%clk 0:05:04]} 70. Kd6 {[%clk 0:01:30]}  Kh8 {[%clk 0:05:12]} 71. Kd7 {[%clk 0:00:42]}  Kg8 {[%clk 0:05:35]} 72. Ke7 {[%clk 0:01:06]}  Kh8 {[%clk 0:05:53]} 73. f6 {[%clk 0:00:41]}  gxf6 {[%clk 0:06:00]} 74. gxf6 {[%clk 0:01:07]}  Kg8 {[%clk 0:05:43]} 75. f7+ {[%clk 0:01:14]}  Kh8 {[%clk 0:06:07]} 76. f8=Q+ {[%clk 0:01:07]}  Nxf8 {[%clk 0:06:31]} 77. Kxf8 {[%clk 0:01:28]} 1-0